000 00729nam a2200265 i 4500
001 C2-0104727
003 PPAK
005 20180727101157.0
008 970605s1994 my a|||| ||||| | eng d
020 _a9676103799
040 _aPPAK
_beng
_cPPAK
_erda
082 0 4 _a513.2
_223
090 0 0 _a513.2
_bBAH
_dK
100 0 _aBaharin Idris,
_eauthor
245 1 0 _aMy first numbers
264 1 _aKuala Lumpur :
_bUtusan ,
_c1994
300 _a22 pages :
_bcolour illustrations ;
_c26 cm
336 _2rdacontent
_atext
337 _2rdamedia
_aunmediated
338 _2rdacarrier
_avolume
490 1 _aSiri prasekolah Utusan
500 _aEnglish language - Numeral S
830 0 _aSiri prasekolah Utusan
942 _ddc
_cB
999 _c25079
_d25079